000 00452cam a2200181ua 4500
020 _c45.00
041 _aeng
_h
082 _a670.423
_bJUN/MA
100 _aJuneja, B.L .
245 _aMachining process theory and practice /
_cB.L.Juneja.
_hTextual Documents
250 _a2 /
_b.
260 _a :
_bC B S Publishers & Distributers ,
_c1984.
300 _a472 ; .
365 _a45.00
504 _a
942 _cBK
999 _c2048
_d2048